Central Bank of Malaysia Ordinance, 1958 [F. M. No.61 of 1958] : (incorporating all amendment as at 15th March 1986)

Bibliographic Details
Format: Book
Published: Kuala Lumpur : International Law Book Services , 1986
Subjects:

MARC

LEADER 00000cam a2200000 7i4500
001 0000007276
005 20050622.0
020 |a 9678900025 
040 |a INS 
090 0 0 |a HG3200.6.A7A4   |b C3973 1986 
245 1 0 |a Central Bank of Malaysia Ordinance, 1958 [F. M. No.61 of 1958] :   |b (incorporating all amendment as at 15th March 1986)   |c compiled by Legal Research Board 
260 |a Kuala Lumpur :   |b International Law Book Services ,   |c 1986 
300 |a 31p ;   |c 24 cm. 
650 0 0 |a Banking law   |z Malaysia 
650 0 0 |a Banks and banking, Central   |z Malaysia 
999 |a 0000002977   |b BOOK   |c Acts   |e Default branch